000 00853nas a2200253Ia 4500
001 R111/46468
003 IT-RoPAU
008 151124c99999999xx |||||||||||| ||und||
040 _aIT-RoPAU
040 _cIT-RoPAU
041 _aITALIANO
100 _aBarbiani Laura
_gCodice Aut. SPICS: 12386
210 _aCOMUNICAZIONE DI MASSA (SUGARCO)
222 _aComunicazione Di Massa (Sugarco)
245 _aCOMUNICAZIONE DI MASSA (SUGARCO), ANNO 07-VOL.3 (1986)
_bNote Su Musica E Sistema
250 _a1a ed.
260 _aMILANO
_bSUGARCO
_c1986
501 _bPaulus - SPICS - Società San Paolo EM (non-commercial uses only)
_cCopyright2015
300 _a5 p. [3-7]
362 _aANNO 007, VOL.3 (1986)
500 _aAssetto-Produttivo-E-Società Consumi-E-Costumi-Culturali
650 _aCOMUNICAZIONE
_vPUBBLICAZIONE PERIODICA
942 _cCR
999 _c123569
_d123569